000 01765nam a2200277Ia 4500
999 _c50460
_d50460
001 17406
003 GE_BSU
005 20200212161452.0
008 181216s2011ge xx |||||||||||||| ||geo||
020 _a 9789941432279
040 _cGE_BSU
041 _ageo
080 _a371.315.7 ბ-29
100 _aბასილაძე, იმერ.
_91071
245 _aსწავლებისა და სწავლის ინტერაქტიური მეთოდები, აქტივობის ფორმები, შეფასების კრიტერიუმები, პედაგოგიური ტექნოლოგიები და მათი ზოგადპედაგოგიური დახასიათება /
_cიმერ ბასილაძე ; ნინო ჭოხონელიძე ; ნინო კოსტავა ; რედ. კონსტანტინე რამიშვილი.
264 _aქუთაისი :
_bაკ. წერეთლის სახელმწ. უნ-ტის გამ-ბა და სტ,
_c2011.
300 _a191 გვ.:
_b ილ.;
_c20 სმ.
504 _aბიბლიოგრ.: გვ. 185-187.
541 _h27ლ.
653 _aპედაგოგიკა
653 _aსწავლების ინტერაქტიური მეთოდები მოსწავლეთა ცოდნის შეფასება
700 _aჭოხონელიძე, ნინო
_94922
700 _a კოსტავა, ნინო
_97009
700 _aრამიშვილი, კონსტანტინე
_eრედაქტორი
_94526
942 _cBK
_2udc